Thị trường địa ốc : Phụ trương thông tin quản cáo của Thời báo Kinh tế Sài Gòn Số 19 (245)
Nội dung số này trình bày: Lợi thế đất khai thác thương mại chợ đầu mối; ra mắt công ty dịch vụ quản lý BĐS PMC Community; đề xuất chế định ký quỹ khi đầu tư BĐS;...
Saved in:
| Format: | Book |
|---|---|
| Language: | Vietnamese |
| Published: |
Tp. Hồ Chí Minh
Uỷ ban nhân dân Tp. Hồ Chí Minh
2014
|
| Subjects: | |
| Tags: |
Add Tag
No Tags, Be the first to tag this record!
|
| Institutions: | Thư viện Trường Đại học Nam Cần Thơ |
|---|
| LEADER | 01234nam a22002177a 4500 | ||
|---|---|---|---|
| 001 | NCT_126731 | ||
| 008 | 220310b xxu||||| |||| 00| 0 vie d | ||
| 999 | |c 6493 |d 6493 | ||
| 041 | 0 | |a vie | |
| 082 | 0 | 4 | |2 23rd ed. |a 333.33 |b Th300T |
| 245 | 0 | 0 | |a Thị trường địa ốc : |b Phụ trương thông tin quản cáo của Thời báo Kinh tế Sài Gòn |n Số 19 (245) |c Uỷ ban nhân dân Tp. Hồ Chí Minh |
| 260 | |a Tp. Hồ Chí Minh |b Uỷ ban nhân dân Tp. Hồ Chí Minh |c 2014 | ||
| 300 | |c 29cm | ||
| 310 | |a 1 tháng 2 kỳ | ||
| 362 | |a 10/2014 | ||
| 520 | 3 | |a Nội dung số này trình bày: Lợi thế đất khai thác thương mại chợ đầu mối; ra mắt công ty dịch vụ quản lý BĐS PMC Community; đề xuất chế định ký quỹ khi đầu tư BĐS;... | |
| 655 | |a Tạp chí | ||
| 942 | |2 ddc |c CR | ||
| 952 | |0 0 |1 0 |2 ddc |4 0 |6 333_330000000000000_TH300T |7 0 |9 24148 |a 000001 |b 000001 |d 2022-05-17 |o 333.33 Th300T |r 2022-05-17 |w 2022-05-17 |y CR | ||
| 952 | |0 0 |1 0 |2 ddc |4 0 |6 333_330000000000000_TH300T |7 0 |9 24149 |a 000001 |b 000001 |d 2022-05-17 |o 333.33 Th300T |r 2022-05-17 |w 2022-05-17 |y CR | ||
| 980 | |a Thư viện Trường Đại học Nam Cần Thơ | ||